Thamizhagathin Kaalaniya Kattumaanathil Theyilai, Kaapikottai Mattrum Pugaiyilai Arimugamum Varthegamum, Pala Vagaiyaana Mathupaanangal Vanigamum Nugarvum, Samoogathin Seerazhivum, 1545-1877 (Record no. 177919)

MARC details
000 -LEADER
fixed length control field 00526nam a22001697a 4500
005 - DATE AND TIME OF LATEST TRANSACTION
control field 20260617161147.0
020 ## - INTERNATIONAL STANDARD BOOK NUMBER
ISBN 9788198510884
041 ## - LANGUAGE CODE
Language code of text/sound track or separate title English
082 ## - DEWEY DECIMAL CLASSIFICATION NUMBER
Classification number T16 R25 STE
100 ## - MAIN ENTRY--AUTHOR NAME
Personal name Stephen Jeyaseela
245 ## - TITLE STATEMENT
Title Thamizhagathin Kaalaniya Kattumaanathil Theyilai, Kaapikottai Mattrum Pugaiyilai Arimugamum Varthegamum, Pala Vagaiyaana Mathupaanangal Vanigamum Nugarvum, Samoogathin Seerazhivum, 1545-1877
250 ## - EDITION STATEMENT
Edition statement 01
260 ## - PUBLICATION, DISTRIBUTION, ETC. (IMPRINT)
Place of publication Chennai
Name of publisher NCBH
Year of publication 2025
300 ## - PHYSICAL DESCRIPTION
Number of Pages 158
365 ## - TRADE PRICE
Price amount 140.00
942 ## - ADDED ENTRY ELEMENTS (KOHA)
Koha item type Books
Holdings
Withdrawn status Lost status Home library Current library Date acquired Cost, normal purchase price Full call number Accession Number Cost, replacement price Department Koha item type
    PSG-CAS LIBRARY PSG-CAS LIBRARY 17/06/2026 140.00 T16 R25 STE 154515 140.00 Tamil Books

Contact Us:

PSGCAS LIBRARY
Phone: 04224303300
Website: http://www.psgcas.ac.in/ | Email: psgcaslib@gmail.com


You are Visitor Number

web counter